Hutchinson's clinical methods: an integrated approach to clinical practice. (22nd ed.) (Record no. 31749)

MARC details
000 -LEADER
fixed length control field 00665nam a2200157 a 4500
008 - FIXED-LENGTH DATA ELEMENTS--GENERAL INFORMATION
fixed length control field 151118s2007 ||||||||||||||||| || u
020 ## - INTERNATIONAL STANDARD BOOK NUMBER
International Standard Book Number 9780702027994
050 ## - LIBRARY OF CONGRESS CALL NUMBER
Classification number RC 71 HUT
100 ## - MAIN ENTRY--PERSONAL NAME
Personal name Swash, Michael
245 10 - TITLE STATEMENT
Title Hutchinson's clinical methods: an integrated approach to clinical practice. (22nd ed.)
Statement of responsibility, etc. Edited By Michael Swash [and] Michael Glynn
250 ## - EDITION STATEMENT
Edition statement 22nd ed.
260 ## - PUBLICATION, DISTRIBUTION, ETC.
Place of publication, distribution, etc. Edinburgh
Name of publisher, distributor, etc. Saunders Elsevier
Date of publication, distribution, etc. 2007
300 ## - PHYSICAL DESCRIPTION
Extent xii, 547p.:ill.
650 ## - SUBJECT ADDED ENTRY--TOPICAL TERM
Topical term or geographic name entry element CLINICAL MEDICINE
995 ## -
-- MEDICAL LIBRARY OPEN ACCESS
-- 903255
-- CBU-SCHOOL OF MEDICINE LIBRARY (Ndola)
-- 80.95
-- RC 46 Swa
-- 1
-- OUT
-- Dec 15, 2015
-- 903255
-- Medical Library Open Access Collection
999 ## -
-- 31749
-- 31749
Holdings
Withdrawn status Lost status Source of classification or shelving scheme Damaged status Not for loan Permanent Location Current Location Shelving location Date acquired Total Checkouts Total Renewals Full call number Barcode Date last seen Date last checked out Price effective from Koha item type
          CBU-SCHOOL OF MEDICINE LIBRARY, NDOLA. CBU-SCHOOL OF MEDICINE LIBRARY, NDOLA. General Stacks 11/30/2022 7 1 RC 71 HUT 903255 04/13/2026 03/17/2026 11/30/2022 MONOGRAPH
          CBU-SCHOOL OF MEDICINE LIBRARY, NDOLA. CBU-SCHOOL OF MEDICINE LIBRARY, NDOLA. General Stacks 04/18/2024         04/18/2024   04/18/2024 MONOGRAPH